LIBRARY & INFORMATION CENTRE, KCAET, TAVANUR

ONLINE PUBLIC ACCESS CATALOGUE (OPAC)

Aayiram ravukal, Bagam 2 / (Record no. 7244)

MARC details
000 -LEADER
fixed length control field 00324cam a2200133ua 4500
041 ## - LANGUAGE CODE
Language code of text/sound track or separate title mal
082 ## - DEWEY DECIMAL CLASSIFICATION NUMBER
Classification number 894.812 308
Item number SUB/AA
100 ## - MAIN ENTRY--AUTHOR NAME
Personal name Subhadra, Parameswaran .
245 ## - TITLE STATEMENT
Title Aayiram ravukal, Bagam 2 /
300 ## - PHYSICAL DESCRIPTION
Number of Pages ; .
942 ## - ADDED ENTRY ELEMENTS (KOHA)
Koha item type Books
Holdings
Withdrawn status Lost status Damaged status Home library Current library Date acquired Full call number Accession Number Koha item type Public note
Withdrawn     KAUAET Malayalam University 07/04/2012 894.812 308 9017 Books Transferred to Malayalam University
free website counter